| 000 | 01140cam a22002894a 4500 | ||
|---|---|---|---|
| 020 | _a1559637889 (cloth : alk. paper) | ||
| 020 | _a9781559637886 (cloth : alk. paper) | ||
| 020 | _a1559637889 (pbk : alk. paper) | ||
| 020 | _a9781559637886 (pbk : alk. paper) | ||
| 020 | _a1559637897 (pbk : alk. paper) | ||
| 020 | _a9781559637893 (pbk : alk. paper) | ||
| 040 | _cDLC | ||
| 082 | 0 | 0 | _a634 I.P 2004 C141 Or. |
| 100 | 1 | _aMcEvoy, Thomas J. | |
| 245 | 1 | 0 |
_aPositive impact forestry : _ba sustainable approach to managing woodlands / |
| 260 |
_aWashington, DC : _bIsland Press, _cc2004 |
||
| 300 |
_axx, 268 p. : _bill. ; _c24 cm |
||
| 520 | 8 | _aAnnotation | |
| 650 | 0 | _aSustainable forestry | |
| 650 | 0 | _aForest management | |
| 650 | 0 | _aForest ecology | |
| 856 | 4 | 1 | _uhttp://site.ebrary.com/id/10196539 |
| 856 | 4 | 1 | _uhttp://catdir.loc.gov/catdir/toc/ecip0410/2003022406.html |
| 856 | 4 | 1 | _uhttp://bvbr.bib-bvb.de:8991/F?func=service&doc_library=BVB01&doc_number=012813082&line_number=0001&func_code=DB_RECORDS&service_type=MEDIA |
| 856 | 4 | 2 | _uhttp://catdir.loc.gov/catdir/enhancements/fy0666/2003022406-d.html |
| 942 | _cAEDBB | ||
| 999 |
_c18285 _d18285 |
||